Durch welches Land fließt dieser Fluss NICHT? - Statistiken

Allgemein
  • Dieses Quiz wurde 66 mal gespielt
  • Das Durchschnittsergebnis liegt bei 7 aus 15
Antwortstatistiken
Frage Antwort % Korrekt
Jordan Saudi-Arabien
79%
Donau Tschechien
79%
Amazonas Paraguay
67%
Nil Tschad
67%
Mekong Malaysia
66%
Kongo Sambia
64%
Rhein Belgien
62%
Euphrat Iran
48%
Sambesi Südafrika
46%
Río Paraná Uruguay
33%
Brahmaputra Nepal
28%
Río Lempa Nicaragua
28%
Kura Armenien
21%
Niger Ghana
21%
Amudarja Kasachstan
13%
Keine übereinstimmenden Quizze gefunden
Verteilung der Resultate
Anzahl Personen mit jedem Resultat
Perzentil nach korrekt beantworteten Fragen
Ihre Resultats-Entwicklung
Sie haben dieses Quiz noch nicht gespielt